XML krok za krokem

Gespeichert in:
Bibliographische Detailangaben
1. Verfasser: Young, Michael J.
Weitere Verfasser: Thiemel, Aleš
Format: Buch
Sprache:Tschechisch
Veröffentlicht: Brno Mobil Media 2002
Schlagworte:
Tags: Tag hinzufügen
Keine Tags, Fügen Sie das erste Tag hinzu!

MARC

LEADER 00000nam$a2200000$$$4500
001 0023316
005 20221129101247.6
020 |a 80-86593-28-2 
041 0 |a cze 
044 |a CZ 
245 1 0 |a XML krok za krokem  |c Michael J. Young ; překlad: Aleš Thiemel 
264 1 |a Brno  |b Mobil Media  |c 2002 
300 |a 471 s.  |e 1 CD-ROM 
610 2 0 |a programovanie 
610 2 0 |a internet 
610 2 0 |a XML 
100 1 |a Young, Michael J. 
700 1 |a Thiemel, Aleš